000 00203 a2200097 4500
001 45571
100 _agallant, M
245 _aHome truths
260 _aLondon
_bJonathan cape
_c
090 _c28733
_d28733
942 _aNUST-CAE
_cM
_c20817
999 _c280644
_d280644